Pierce The Veil - Fast Times at Clairemont High Lyrics - Statistics

General Stats
  • This quiz has been taken 11 times
  • The average score is 155 of 252
Answer Stats
Answer % Correct
I
100%
my
100%
you
100%
you,
100%
you?
100%
a
80%
(A
80%
and
80%
And
80%
be
80%
for
80%
If
80%
saving
80%
so
80%
So
80%
the
80%
The
80%
Under
80%
under
80%
was
80%
we
80%
alarm
60%
as
60%
been
60%
die
60%
don't
60%
Don't
60%
in
60%
is
60%
I've
60%
just
60%
life
60%
like
60%
me
60%
moon
60%
myself
60%
night
60%
now)
60%
(Now
60%
Now
60%
on,
60%
on
60%
one
60%
smoke
60%
this
60%
to
60%
too
60%
us
60%
waited
60%
who
60%
whole
60%
All
40%
back)
40%
beach
40%
beat
40%
Because
40%
blood
40%
blue
40%
boys
40%
bring
40%
but
40%
Cause
40%
celebration,
40%
dance
40%
door
40%
drink
40%
ever
40%
Every
40%
eyes,
40%
faces
40%
faster
40%
feed
40%
fire
40%
hold
40%
house
40%
I'd
40%
I'm
40%
innocent
40%
it
40%
it's
40%
little
40%
look
40%
many
40%
movie
40%
over
40%
painted
40%
party
40%
scream
40%
sharks
40%
single
40%
started
40%
that
40%
them
40%
thing
40%
throwing
40%
Tonight
40%
turns
40%
understand
40%
wanted
40%
watch
40%
we'll
40%
with
40%
Without
40%
without
40%
anyone
20%
arms
20%
brother
20%
close
20%
convinced
20%
feels
20%
find
20%
gets
20%
kill
20%
know
20%
make
20%
melodramatic
20%
nothing
20%
saved
20%
sense
20%
sharpest
20%
sunset
20%
wave
20%
mattered
0%
point?
0%
say
0%
what's
0%
words
0%
No matching quizzes found
Score Distribution
Percent of People with Each Score
Percentile by Number Answered
Your Score History
You have not taken this quiz